000 00500nam a2200169Ia 4500
003 GCL
008 140319s9999 xx 000 0 ara d
040 _aGCL /
_cGCL
082 0 4 _a230
_bع ت
100 1 _aعبدالوهاب عبداللطيف
245 1 0 _aتدريب الراوى فى شرح تقريب النواوى /
_cعبدالوهاب عبداللطيف
260 _a[S.N] :
_bدار الكتب ،
_c1979
300 _a357 ص
490 _a
650 0 4 _aالحديث
942 _2ddc
_cBK
999 _c54503
_d54503